000 00966nam a2200265Ia 4500
003 OSt
005 20221005105244.0
006 a|||||r|||| 00| 0
007 ta
008 221004b |||||||| |||| 00| 0 hin d
020 _a9788188457618 (hbk)
_c300
024 _a102041
037 _b363, 03/03/2010, Swaraj Prakashan
_cTextual
040 _aCRL
_cCRL
_bhin
041 _2hin
_ahin
082 _aO152,6N444x, Q0
100 _aमुद्गल, चित्रा
245 0 _aतहखानों में बंद अक्स
246 _aTahakhānoan mean banda aksa
260 _aनई दिल्ली
_bकल्याणी शिक्षा परिषद् भारत
_c2010
300 _a207पृ0
_ccm.
650 _aहिन्दी साहित्य
942 _hO152,6N444x, Q0
_cTEXL
_2cc
999 _c1015294
_d1015294